00355nam a2200109Ia 4500008004100000245010700041260003500148260000900183300000800192500001800200650002700218170224s9999 xx 000 0 und d aWork-In-Progress: A Learning Outcomes Assessment Mapping Level Dashboard Based on Standard Terminology bComputers in Education Journal c2014 a5:1 aJanuary-March xInformation Technology